000 00594nam a2200193Ia 4500
008 151119s9999||||xx |||||||||||||| ||und||
082 _a133.5
082 _bGKKV13031
100 _aदेशिंगकर वि श्री
245 _aकेव्हा काय घडेल
260 _a--
260 _b--
260 _c0
600 _aदेशिंगकर वि श्री
630 _aकेव्हा काय घडेल
700 _aदेशिंगकर वि श्री
730 _aकेव्हा काय घडेल
942 _cBOOK
999 _c1066761
_d1066758